000 00840nas a2200265 4500
001 BR0900062
003 BR-BrBNA
005 20231205112954.0
007 ta
008 230509b bl.|||p| |||| 00| 00por d
040 _aBR-BrBNA
_bpor
_cBiblioteca Nacional de Agricultura
041 _a(Pt)
072 _aP10
100 1 _aDanieli, R. de D.
100 1 _aCastaldini, M. do C.C.
100 1 _aBarroso, L.B.
245 1 _aModelagem do cloro residual em redes de distribuição - aplicação ao sistema de abastecimento de Santa Maria
650 _aÁGUA
650 _aABASTECIMENTO
650 _aCLORO
650 _aSANTA MARIA
773 0 _tRevista Brasileira de Recursos Hídricos (Brazil)
_xISSN 1414-381X
_g(Oct-Dec 2006), v. 11(4) p. 201-208
_wBR0900062
909 _a202311
_bLúcia
_c55
_dLúcia Elande
942 _2AGRIS
_n0
_cANA
999 _c201104
_d201104